| 000 | 00000nas##2200000za#4500 |
| 001 | 9.512406 |
| 003 | CaOODSP |
| 005 | 20200325120243 |
| 007 | ta |
| 008 | 150406c2007||||xxc|| p #||||f| |0eng|d |
| 022 | |a2290-6487 |
| 040 | |aCaOODSP|beng |
| 041 | |aeng |
| 041 | |afre |
| 043 | |an-cn--- |
| 086 | 1 |aSO1 |
| 110 | 1 |aCanada.|bGovernor General. |
| 245 | 10|aAnnual report ..., Office of the Secretary to the Governor General of Canada |
| 260 | |aOttawa - Ontario : |bGovernor General of Canada |
| 310 | |aAnnual |
| 520 | 3 |aDescribes the key activities of the Office, along with the costs to deliver its programs. |
| 776 | 0#|tAnnual report |w(CaOODSP)9.506768 |
| 792 | |tRapport annuel ..., Bureau du secrétaire du gouverneur général du Canada |efre|w(CaOODSP)9.512407 |